Score 0/80 Timer 08:00
0 Plays Today
Rank Name % Correct
3Michael
91.1%
154Mark
84.7%
13Matthew
84.1%
102Mary
83.8%
71Maria
68.4%
560Marc
67.1%
104Michelle
63.7%
137Melissa
59.1%
7Madison
59.1%
92Molly
57.7%
187Margaret
57.5%
234Martin
56.4%
123Marcus
53.9%
104Max
51.7%
105Megan
50.5%
93Melanie
49.6%
232Maggie
46.5%
359Mitchell
46.1%
64Madeline
45.3%
34Mason
44%
10Mia
43%
457Morgan
41.8%
56Morgan
41.8%
415Marvin
34.3%
133Maxwell
33.1%
340Monica
31.7%
77Mackenzie
31.5%
198Mario
30.4%
196Manuel
29.4%
62Maya
29.1%
511Melvin
27.9%
183Marissa
27.8%
225Melody
27%
99Miguel
26.9%
118Micah
26.3%
59Madelyn
25.6%
181Miranda
25.2%
382Mathew
24.2%
88Mariah
23.5%
162Miles
23.3%
Rank Name % Correct
155Mckenzie
23.1%
441Maurice
23%
286Macy
21.9%
241Marco
21.8%
270Mallory
21.7%
98Mya
21.3%
179Mikayla
20.6%
331Madeleine
20.6%
403Marshall
20.2%
499Micheal
20.2%
44Makayla
20%
281Maddison
18.8%
504Moses
18.4%
189Miley
16.4%
149Marley
16.3%
451Milo
15.4%
310Miriam
14.4%
192Malia
13.4%
172Makenzie
12.9%
219Mariana
12.3%
479Maximilian
12.1%
249Maximus
11.8%
229Mateo
11.2%
213Mckenna
11.2%
265Myles
11.1%
454Matteo
9.3%
167Malachi
9.3%
180Maddox
9%
543Maverick
8.7%
338Madalyn
8.5%
279Marcos
7.9%
243Makenna
7.7%
255Malik
5.8%
289Madilyn
5.5%
430Mohamed
4.7%
388Moises
3.8%
460Maximiliano
3.8%
383Mauricio
3.6%
296Maliyah
2.2%
446Mekhi
1.6%
Remove Ads.
Support Sporcle.
Get the best of Sporcle when you Go Orange. This ad-free experience offers more features, more stats, and more fun while also helping to support Sporcle. Thank you for becoming a member.

You're not logged in!

Compare scores with friends on all Sporcle quizzes.
OR
Log In

Show Comments

Extras

Top Quizzes Today


Score Distribution

Your Account Isn't Verified!

In order to create a playlist on Sporcle, you need to verify the email address you used during registration. Go to your Sporcle Settings to finish the process.

Report this User

Report this user for behavior that violates our Community Guidelines.

Details: